01569naa a2200169 a 450000100080000000500110000800800410001910000200006024501420008026000090022252010180023165300130124965300140126265300210127670000200129777300820131710405842011-06-20 1993 bl uuuu u00u1 u #d1 aMASSIGNAM, A.M. aDeterminacao da temperatura-base de graus-dia na estimativa da duracao dos subperiodos de desenvolvimento de tres cultivares de girassol. c1993 aForam determinados valores de temperatura-base e de graus-dia exigidos para que os subper??odos fenol??gicos e o ciclo de desenvolvimento de tr??s cultivares de girassol sejam completados. Os valores de temperatura-base foram calculados atrav??s dos m??todos da menor variabilidade do coeficiente de varia????o, da menor variabilidade, da menor variabilidade modificado, da regress??o e da interse????o. Enquanto os quatro primeiros m??todos conduziram ?? estimativas de temperatura-base compar??veis entre si, o quinto levou a valores bem distintos. Os c??lculos inclu??ram fatores de corre????o para levar em conta os efeitos da n??o-linearidade na rela????o entre desenvolvimento relativo e temperatura do ar sobre os valores de graus-dia, bem como dos efeitos da ocorr??ncia de defici??ncias e/ou excedentes h??dricos no solo sobre a dura????o dos subper??odos, fatores esses que se mostraram v??lidos nos c??lculos de temperatura-base e das exig??ncias de graus-dia para o subper??odo emerg??ncia-flora????o. aGirassol aGraus-dia aTemperatura base1 aANGELOCCI, L.R. tRevista Brasileira de Agrometeorologia, Santa Mariagv.1, n.1, p.71-79, 1993.